000
00323nam a22001457a 4500
003
SGT
082
_a
614.44
_b
P77P
100
_a
PARK, J.E.
245
_a
TB. OF PREVENTIVE & SOCIAL MEDICINE
250
_a
6TH
260
_a
INDIA
_b
BHANOT PUB
_c
1977
300
_a
758
650
_a
COMMUNITY MEDICINE
942
_2
ddc
_c
RARE
999
_c
22251
_d
22251